The Soviet worker : an account of the economic, social, and cultural status of labor in the U.S.S.R. /

Bibliographic Details
Main Author: Freeman, Joseph, 1897-1965
Format: Book
Language:English
Published: New York : International Publishers, [1932]
Subjects:

MARC

Tag First Indicator Second Indicator Subfields
LEADER 00000cam a2200000 i 4500
001 in00000054556
005 20151008052046.0
008 780120s1932 nyu b 00110 eng d
035 |a (OCoLC)03571128 
035 |9 AAH1459AM 
040 |a VWM  |c VWM  |d TXA  |d UtOrBLW 
049 |a TXAM  |c [170639] 
050 0 |a HD8526  |b .F7 1932b 
092 |a 331  |b F855s 
100 1 |a Freeman, Joseph,  |d 1897-1965. 
245 1 4 |a The Soviet worker :  |b an account of the economic, social, and cultural status of labor in the U.S.S.R. /  |c [by] Joseph Freeman. 
264 1 |a New York :  |b International Publishers,  |c [1932] 
264 4 |c ©1932 
300 |a vii, 408 pages ;  |c 22 cm. 
336 |a text  |b txt  |2 rdacontent 
337 |a unmediated  |b n  |2 rdamedia 
338 |a volume  |b nc  |2 rdacarrier 
504 |a Bibliography: pages [395]-400. 
650 0 |a Working class  |z Soviet Union. 
651 0 |a Soviet Union  |x Economic conditions. 
651 0 |a Soviet Union  |x Social conditions. 
650 0 |a Labor movement  |z Soviet Union. 
650 0 |a Labor  |z Soviet Union. 
999 |a MARS 
999 f f |s e4d83663-91bc-359b-a47e-6db46cdd0719  |i 0a1f4b24-54fc-3542-bbc0-25d78ba361a8  |t 0 
952 f f |p ric  |a Texas A&M University  |b Rellis Campus  |c Joint Library Facility  |d Remote Storage  |t 0  |e HD8526 .F7 1932b  |h Library of Congress classification  |i unmediated -- volume  |m A14800711399 
998 f f |a HD8526 .F7 1932b  |t 0  |l Remote Storage